Gul Mohar: Companion Teacher's Edition vth (Record no. 4310)
[ view plain ]
| 000 -LEADER | |
|---|---|
| fixed length control field | 00243nam a22000857a 4500 |
| 008 - FIXED-LENGTH DATA ELEMENTS--GENERAL INFORMATION | |
| fixed length control field | 161130b xxu||||| |||| 00| 0 eng d |
| 100 ## - MAIN ENTRY--PERSONAL NAME | |
| 9 (RLIN) | 1589 |
| Personal name | Watts,E |
| 245 ## - TITLE STATEMENT | |
| Title | Gul Mohar: Companion Teacher's Edition vth |
| 260 ## - PUBLICATION, DISTRIBUTION, ETC. (IMPRINT) | |
| Place of publication, distribution, etc. | New Delhi |
| Name of publisher, distributor, etc. | Orient Longman |
| Date of publication, distribution, etc. | 2006 |
| Withdrawn status | Lost status | Source of classification or shelving scheme | Damaged status | Koha normalized classification for sorting | Not for loan | Home library | Current library | Shelving location | Date acquired | Total Checkouts | Full call number | Barcode | Date last seen | Price effective from | Koha item type |
|---|---|---|---|---|---|---|---|---|---|---|---|---|---|---|---|
| Dewey Decimal Classification | 425_000000000000000 | Good Samaritan School Library | Good Samaritan School Library | EDUCATION | 11/30/2016 | 425 | WAT4551 | 11/30/2016 | 11/30/2016 | BOOK |